00655nam a2200229 a 4500001001300000003000900013005001700022008004100039020001000080082001300090245003500103260003100138300000900169500003500178505001000213650002200223710003600245902000800281942000700289952011400296999001500410nice12345678IN_TiNIC20260116012419.0050524s1956 dela grp 000 0 eng  ac10000a954bRRD aIndiab Reference Annual, 1956 aDelhibGovt.Of Indiac1956 a592p aincludes index and biblioraphy2 aIndex aIndia-Annual-19562 aResearch and Reference Division bSRS cBK 001040708StackRoom-aHMIbHMId2007-04-03g100.00l0o954 RRDp012928r2007-04-03v100.00w2005-05-24yBK c6929d6929